Оптимизация массообменных процессов сушки аэрозолей на основе анализа пожаро- и взрывоопасных свойств веществ: диссертация на соискание ученой степени доктора технических наук; спец. 05.17.08

Bibliografske podrobnosti
Glavni avtor: Сечин А. И. Александр Иванович
Korporativna značnica: Томский политехнический университет
Drugi avtorji: Косинцев В. И. Виктор Иванович (научный консультант)
Izvleček:For_staff_use
Jezik:ruščina
Izdano: Томск, 2003
Teme:
Format: MixedMaterials Knjiga
KOHA link:https://koha.lib.tpu.ru/cgi-bin/koha/opac-detail.pl?biblionumber=59257

MARC

LEADER 00000nbm0a2200000 4500
001 59257
005 20240214104738.0
035 |a (RuTPU)RU\TPU\book\62632 
090 |a 59257 
100 |a 20031223j20031229k y0rusy50 ca 
101 0 |a rus 
102 |a RU 
105 |a a m 001zy 
200 1 |a Оптимизация массообменных процессов сушки аэрозолей на основе анализа пожаро- и взрывоопасных свойств веществ  |e диссертация на соискание ученой степени доктора технических наук  |e спец. 05.17.08  |f А. И. Сечин  |g Томский политехнический университет ; науч. конс. В. И. Косинцев 
210 |a Томск  |d 2003 
215 |a 279 л.  |c ил. 
320 |a Библиогр.: с. 250-277 (282 назв.) 
371 0 |a For_staff_use 
610 1 |a химическая технология 
610 1 |a технологические производства 
610 1 |a безопасность 
610 1 |a физико-химические основы 
610 1 |a газовые системы 
610 1 |a использование 
610 1 |a газовоздушные смеси 
610 1 |a паровоздушные смеси 
610 1 |a пламя 
610 1 |a распространение 
610 1 |a границы 
610 1 |a дисперсные системы 
610 1 |a химико-технологические процессы 
610 1 |a интенсификация 
610 1 |a безопасная эксплуатация 
610 1 |a пылеобразующие материалы 
610 1 |a переработка 
610 1 |a пожаробезопасность 
610 1 |a взрывобезопасность 
610 1 |a аппараты 
610 1 |a конструирование 
610 1 |a диссертации 
610 1 |a труды учёных ТПУ 
675 |a 66.013.8(04)  |v 3 
675 |a 66.047(04)  |v 3 
686 |a 05.17.08  |2 oksvnk 
700 1 |a Сечин  |b А. И.  |c специалист в области экологии и безопасности жизнедеятельности  |c профессор Томского политехнического университета, доктор технических наук  |f 1950-  |g Александр Иванович  |3 (RuTPU)RU\TPU\pers\26051  |9 11890 
702 1 |a Косинцев  |b В. И.  |c российский химик-технолог  |c профессор Томского политехнического университета, доктор технических наук  |f 1939-  |g Виктор Иванович  |3 (RuTPU)RU\TPU\pers\21969  |4 695 
712 0 2 |a Томский политехнический университет  |3 (RuTPU)RU\TPU\col\376 
801 1 |a RU  |b 63413507  |c 20031223  |g PSBO 
801 2 |a RU  |b 63413507  |c 20130517  |g PSBO 
942 |c BK